| 000 | 00892nam a2200289Ia 4500 | ||
|---|---|---|---|
| 001 | 43807 | ||
| 005 | 20230410105118.0 | ||
| 008 | 011001s2001 ht a j 000 0bfre d | ||
| 035 | _a(OCoLC)ocm48062520 | ||
| 040 |
_aNYP _cNYP |
||
| 020 | _a9993534153 | ||
| 020 | _a9789993534150 | ||
| 035 | _a(OCoLC)48062520 | ||
| 043 | _anwmq--- | ||
| 050 | 1 | 4 | _aCEH |
| 100 | 1 |
_aSaint Eloi, Rodney, _d1963- |
|
| 245 | 1 | 0 |
_aConnais-tu? : _bAimé Césaire / _ctexte, Rodney Saint-Eloi. |
| 246 | 3 | 0 | _aAimâe Câesaire |
| 260 |
_aPort-au-Prince, Haiti : _bEditions Mémoire Jeunesse, _cc2001. |
||
| 300 |
_a24 cm. : _bill. ; _c20 cm. |
||
| 440 | 0 | _aCollection Les personages célébres | |
| 600 | 1 | 0 |
_aCésaire, Aimé _vJuvenile literature. |
| 650 | 0 |
_aAuthors, Martinique _vBiography _vJuvenile literature. |
|
| 710 | 2 | _aSchomburg Children's Collection. | |
| 942 |
_2lcc _cbk |
||
| 994 |
_aC0 _bDRFGD |
||
| 999 |
_c30304 _d30304 |
||